Statistics for IPL 2008 Quiz

Click here to take the quiz!

General Stats

  • This quiz has been taken 6 times
  • The average score is 8 of 15

Answer Stats

QuestionAnswer% Correct
Who scored the highest individual scoreBrendon McCullum
100%
Who were the runners-up?Chennai Super Kings
100%
Who won the IPL?Rajasthan Royals
100%
What was the highest individual score of the 2008 IPL?158*
83%
Which team was placed last in the table?Deccan Chargers
67%
Who was the Purple Cap winner?Sohail Tanvir
67%
What edition of the IPL was this?1st
50%
Who was the first person to take a hat-trick in the IPL?Lakshmipathy Balaji
50%
Who conceded the most runs in a match?RP Singh
50%
Who was the Orange Cap winner?Shaun Marsh
50%
What were the best bowling figures of the 2008 IPL?6/14
33%
Who scored the fastest 50?Yusuf Pathan
33%
Who bowled the most dot balls?Shane Watson
17%
Who bowled the most maiden overs?Manpreet Gony
0%
Who has the best economy?Mohammad Hafeez
0%

Score Distribution

Percentile by Number Answered

Percent of People with Each Score

Your Score History

You have not taken this quiz